<?xml version="1.0" encoding="UTF-8"?>
<marc:record xmlns:marc="http://www.loc.gov/MARC21/slim">
   <marc:leader>00000nam a2200000 a 4500</marc:leader>
   <marc:datafield ind1="1" ind2=" " tag="100">
      <marc:subfield code="a">Schneider, Anna</marc:subfield>
      <marc:subfield code="4">aut</marc:subfield>
      <marc:subfield code="e">Verfasser/-in</marc:subfield>
   </marc:datafield>
   <marc:datafield ind1=" " ind2=" " tag="653">
      <marc:subfield code="a">Krimi</marc:subfield>
   </marc:datafield>
   <marc:datafield ind1=" " ind2=" " tag="653">
      <marc:subfield code="a">Österreich</marc:subfield>
   </marc:datafield>
   <marc:datafield ind1=" " ind2=" " tag="653">
      <marc:subfield code="a">Deutschland</marc:subfield>
   </marc:datafield>
   <marc:datafield ind1=" " ind2=" " tag="653">
      <marc:subfield code="a">Kriminalroman</marc:subfield>
   </marc:datafield>
   <marc:datafield ind1="0" ind2="0" tag="245">
      <marc:subfield code="a">Grenzfall - Der Tod in ihren Augen</marc:subfield>
   </marc:datafield>
   <marc:datafield ind1="0" ind2="0" tag="245">
      <marc:subfield code="b">Kriminalroman</marc:subfield>
   </marc:datafield>
   <marc:datafield ind1="0" ind2="0" tag="245">
      <marc:subfield code="c">Anna Schneider</marc:subfield>
   </marc:datafield>
   <marc:datafield ind1=" " ind2="1" tag="264">
      <marc:subfield code="a">Frankfurt am Main</marc:subfield>
      <marc:subfield code="b">Fischer TB</marc:subfield>
      <marc:subfield code="c">2021</marc:subfield>
   </marc:datafield>
   <marc:datafield ind1="1" ind2=" " tag="490">
      <marc:subfield code="a">Jahn und Krammer ermitteln</marc:subfield>
      <marc:subfield code="v">1</marc:subfield>
   </marc:datafield>
   <marc:datafield ind1="1" ind2=" " tag="520">
      <marc:subfield code="a">Am Brauneck in Lenggries wird an einer Felswand eine leblose Frau entdeckt. Doch was auf den ersten Blick wie ein Kletterunfall aussah, entpuppt sich als grausam inszenierter Mord. Dem Oberkörper der Toten wurden Beine aus Stroh angenäht. Kurz darauf tauchen weitere Leichenteile am Achensee in Tirol auf. Stammen sie ebenfalls von der Toten? Doch weshalb sollte der Täter die Leiche auf zwei Länder verteilen? Für die junge und engagierte Oberkommissarin Alexa Jahn, die gerade ihren Dienst bei der Kripo Weilheim angetreten hat, ist es die erste große Ermittlung. Sie könnte jede Unterstützung gebrauchen, doch auf den desillusionierten Kollegen auf österreichischer Seite, Chefinspektor Bernhard Krammer, kann sie nicht zählen. Alexa ist lange auf sich allein gestellt und bekommt es mit einem Täter zu tun, dem sie vielleicht nicht gewachsen ist ... (Verlagstext)</marc:subfield>
   </marc:datafield>
   <marc:datafield ind1=" " ind2=" " tag="020">
      <marc:subfield code="a">9783596700509</marc:subfield>
      <marc:subfield code="9">9783596700509</marc:subfield>
   </marc:datafield>
   <marc:datafield ind1=" " ind2=" " tag="020">
      <marc:subfield code="a">3596700507</marc:subfield>
      <marc:subfield code="9">3596700507</marc:subfield>
   </marc:datafield>
   <marc:datafield ind1=" " ind2=" " tag="300">
      <marc:subfield code="a">426 S.</marc:subfield>
   </marc:datafield>
</marc:record>
